| 000 | 00843nam a2200253Ia 4500 | ||
|---|---|---|---|
| 003 | OSt | ||
| 005 | 20220925223744.0 | ||
| 006 | a|||||r|||| 00| 0 | ||
| 007 | ta | ||
| 008 | 220923b |||||||| |||| 00| 0 eng d | ||
| 020 |
_a9780415670548 _c4996.7299999999996 |
||
| 037 |
_bB2521, 17/02/2012, The Bookseller _cGeneral Book |
||
| 040 |
_aRTL _cRTL _beng |
||
| 041 |
_2eng _aeng |
||
| 082 | _aV1N45:195.4.Q2<-N09, Q2 | ||
| 100 |
_aAli S. Mahmud _9290274 |
||
| 245 | 0 |
_aAsia -Pacific security dynamics in the Obama era _b A new world emerging |
|
| 260 |
_aLondon _bRoutledge _c2012 |
||
| 300 |
_axvii, 217p _ccm. |
||
| 490 | _aPolitics in Asia Series | ||
| 650 | _aGeography | ||
| 942 |
_hV1N45:195.4.Q2<-N09, Q2 _cGB _2CC |
||
| 999 |
_c580311 _d580311 |
||